Central Library OPAC University of Rajshahi

Physiology of domestic animals / (Record no. 14380)

MARC details
000 -LEADER
fixed length control field 00919cam a2200301 a 4500
001 - CONTROL NUMBER
control field 14380
003 - CONTROL NUMBER IDENTIFIER
rucl marc code BD-RjUL
005 - DATE AND TIME OF LATEST TRANSACTION
control field 20211208235622.0
008 - FIXED-LENGTH DATA ELEMENTS--GENERAL INFORMATION
fixed length control field 140205s1997 mdua b 001 0 eng c
020 ## - INTERNATIONAL STANDARD BOOK NUMBER
International Standard Book Number 0683072404
035 ## - SYSTEM CONTROL NUMBER
System control number (BD-RjUL)14432
040 ## - CATALOGING SOURCE
Original cataloging agency DNLM/DLC
Transcribing agency DLC
Modifying agency DLC
-- BD-RjUL
Language of cataloging eng
041 ## - LANGUAGE CODE
Language code of text/sound track or separate title eng
060 10 - NATIONAL LIBRARY OF MEDICINE CALL NUMBER
Classification number SF 768 R322p 1996
082 00 - DEWEY DECIMAL CLASSIFICATION NUMBER
Classification number 636.0892
Edition number 20
Author mark and year REP 1997
100 1# - MAIN ENTRY--PERSONAL NAME
Personal name Reece, William O.
9 (RLIN) 44867
245 10 - TITLE STATEMENT
Title Physiology of domestic animals /
Statement of responsibility, etc. William O. Reece.
250 ## - EDITION STATEMENT
Edition statement 2nd ed.
260 ## - PUBLICATION, DISTRIBUTION, ETC. (IMPRINT)
Place of publication, distribution, etc. Baltimore :
Name of publisher, distributor, etc. Williams & Wilkins,
Date of publication, distribution, etc. c1997.
300 ## - PHYSICAL DESCRIPTION
Pagination xi, 464 p. :
Illustrations ill. ;
Size 26 cm.
504 ## - BIBLIOGRAPHY, ETC. NOTE
Bibliography, etc Includes bibliographical references and index.
650 #0 - SUBJECT ADDED ENTRY--TOPICAL TERM
Topical term or geographic name as entry element Veterinary physiology.
9 (RLIN) 40399
Topical term or geographic name as entry element Animals, Domestic
General subdivision physiology.
9 (RLIN) 44868
Topical term or geographic name as entry element Animals, Domestic
General subdivision anatomy & histology.
9 (RLIN) 44869
942 ## - ADDED ENTRY ELEMENTS (KOHA)
Source of classification or shelving scheme Dewey Decimal Classification
Koha item type Books
Holdings
Lost status Source of classification or shelving scheme Damaged status Not for loan Collection code Permanent Location Current Location Shelving location Date acquired Source of acquisition Cost, normal purchase price Total Checkouts Full call number Date last seen Date checked out Copy number Koha item type
  Dewey Decimal Classification     Non-fiction Central Library, University of Rajshahi Central Library, University of Rajshahi   15/03/2009 Dhaka Paragon Enterprise Ltd. 49.95 2 636.0892 REP 1997 30/01/2022 17/01/2022 C-3 Books
  Dewey Decimal Classification     Non-fiction Central Library, University of Rajshahi Central Library, University of Rajshahi   08/02/2008 Paragon Enterprizes, Dhaka 49.95   636.0892 REP 1997 04/10/2016   C-2 Books
  Dewey Decimal Classification   Not For Loan Non-fiction Central Library, University of Rajshahi Central Library, University of Rajshahi Reading Room 04/02/2008 Dhaka, paragon Enterprises 49.95   636.0892 REP 1997 20/03/2017   C-1 Books